000 00390nam a2200181Ia 4500
001 1411
005 20260306143726.0
008 260306t1997||||xx |||||||||||||| ||spa||
041 _aESP
082 _a150
_bM86
100 _aMorris, Charles G.
_eAUT
245 0 _aPsicología
260 _c1997
300 _a778 pág
_c
650 _aGEN
654 _aCPS
942 _cLIB
_dJUS
_fJUS
_2ddc
_n
999 _c1411
_d1411